| 000 | 00697nam a2200217 i 4500 | ||
|---|---|---|---|
| 001 | 33931 | ||
| 003 | ES-MaACL | ||
| 005 | 20230906154839.0 | ||
| 007 | t| | ||
| 008 | 030203s1977 sp ||||1| spa d | ||
| 100 | 1 |
_aBochenski, Joseph M. _929672 |
|
| 245 | 1 | 0 |
_aLógica y ontología / _cJoseph M. Bochenski ; introducción de Pascual Martínez Freire ; versión de Ana Sánchez. |
| 260 |
_aValencia : _bRevista Teorema, _c1977. |
||
| 300 |
_a50 p. ; _c22 cm. |
||
| 490 | 1 | _aCuadernos Teorema | |
| 700 | 1 |
_aMartínez Freire, Pascual. _978092 |
|
| 700 | 1 |
_aSánchez, Ana. _9102338 |
|
| 830 | 0 |
_aCuadernos Teorema _9180999 |
|
| 852 |
_aES-MaACL _j2093-F-20 _bR.96537 |
||
| 999 |
_c33931 _d33931 |
||